Coyuntura económica actual
محفوظ في:
| التنسيق: | نص |
|---|---|
| الموضوعات: | |
| الوسوم: |
إضافة وسم
لا توجد وسوم, كن أول من يضع وسما على هذه التسجيلة!
|
MARC
| LEADER | 00000 a a2200000 04500 | ||
|---|---|---|---|
| 001 | 6694 | ||
| 003 | |||
| 040 | |||
| 245 | |a Coyuntura económica actual | ||
| 650 | |a CONDICIONES ECONOMICAS | ||
| 650 | |a EL SALVADOR | ||
| 773 | |g volumen 24, número 1066; páginas 7-8 | ||
| 999 | |c 34930 |d 34930 | ||
